000 00757nam a2200241 a 4500
008
020 _a0256056552 (pbk.)
049 _aMAIN
090 0 1 _aT57.6NEL
100 1 _aNelson, Theron Ray.
245 1 4 _aThe management science system /
_cTheron R. Nelson.
260 _aHomewood, Ill. :
_bBPI/Irwin,
_c1988.
300 _aix, 217 p. :
_bill. ;
_c27 cm.
_e2 computer disks (5 1/4 in.).
650 0 _aOperations research
_xData processing.
650 0 _aManagement science
_xData processing.
650 0 _aMicrocomputers.
740 0 _aMSS, the management science system.
907 _a.b10166440
_b01-08-06
_c28-06-05
003
005 20230123134024.0
040 _cNUST
942 _cBOOKS
_kT57.6NEL
999 _c158681
_d158681